Statistics for 大阪メトロ+直通路線 定期行先クイズ

Click here to take the quiz!

General Stats

  • This quiz has been taken 38 times
  • The average score is 30 of 39

Answer Stats

HintAnswer% Correct
御堂筋線千里中央
100%
天王寺
100%
なかもず
100%
ニュートラムコスモスクエア
96%
中央線コスモスクエア
96%
四つ橋線西梅田
92%
江坂
92%
住之江公園
92%
学研奈良登美ヶ丘
92%
住之江公園
92%
中津
92%
新大阪
88%
天神橋筋六丁目
88%
八尾南
85%
谷町線大日
85%
生駒
81%
淡路
81%
都島
81%
新金岡
77%
あびこ
77%
南巽
77%
北加賀屋
73%
今里
73%
北千里
73%
長田
73%
高槻市
73%
茨木市
73%
正雀
69%
森ノ宮
69%
天下茶屋
69%
堺筋線京都河原町
69%
千日前線野田阪神
65%
長堀鶴見緑地線大正
62%
門真南
58%
中ふ頭
58%
喜連瓜破
46%
今里筋線井高野
38%
清水
38%
横堤
35%

Score Distribution

Percentile by Number Answered

Percent of People with Each Score

Your Score History

You have not taken this quiz